000 00800nas a2200253 4500
001 BR7903324
003 BR-BrBNA
005 20231205083744.0
007 ta
008 230509b bl.|||p| |||| 00| 00por d
040 _aBR-BrBNA
_bpor
_cBiblioteca Nacional de Agricultura
041 _a(Pt)
072 _aF10; F40
100 1 _aAntunes, F.Z.
245 1 _aZoneamento macroclimatico para a cultura de feijao [Phaseolus vulgaris]
650 _aClimatologia
650 _aEcologia vegetal
650 _aFeijao
650 _aTemperatura
650 _aBalanco hidrico
773 0 _tInforme Agropecuario - Empresa de Pesquisa Agropecuaria de Minas Gerais (Brazil)
_xISSN 0100-3364
_g(Oct 1978), v. 4(46) p. 11-18
_wBR7903324
909 _a202311
_bLúcia
_c55
_dLúcia Elande
942 _2AGRIS
_n0
_cANA
999 _c100984
_d100984